I see an underground church. (Record no. 12739)

000 -LEADER
fixed length control field 00570nam a2200193 a 4500
001 - CONTROL NUMBER
control field :::00010553$&:&@@
003 - CONTROL NUMBER IDENTIFIER
control field OkBaRHE
005 - DATE AND TIME OF LATEST TRANSACTION
control field 20000607103400.0
008 - FIXED-LENGTH DATA ELEMENTS--GENERAL INFORMATION
fixed length control field s1986 j 000 0 eng u
040 ## - CATALOGING SOURCE
Transcribing agency
100 1# - MAIN ENTRY--PERSONAL NAME
Personal name Parsley, Rod.
245 10 - TITLE STATEMENT
Title I see an underground church.
260 ## - PUBLICATION, DISTRIBUTION, ETC. (IMPRINT)
Place of publication, distribution, etc Tulsa, OK., :
Name of publisher, distributor, etc Christian Publishing Services
Date of publication, distribution, etc c1986
300 ## - PHYSICAL DESCRIPTION
Extent 61 p., ;
Dimensions 21 cm.
650 ## - SUBJECT ADDED ENTRY--TOPICAL TERM
Topical term or geographic name as entry element Christian Life
650 ## - SUBJECT ADDED ENTRY--TOPICAL TERM
Topical term or geographic name as entry element Church Renewal
942 ## - ADDED ENTRY ELEMENTS (KOHA)
Source of classification or shelving scheme
Koha item type Books
Copies
Lost status Source of classification or shelving scheme Barcode Withdrawn status Copy number Date acquired Damaged status Shelving location Permanent Location Full call number Date last seen Not for loan Price effective from Koha item type
  10553 12010-04-14 General StacksRHEMA Bible Training CollegeBV 4501 .P32010-04-14 2010-04-14Books